|
|
|
|
| LEADER |
00000nam a2200000 4500 |
| 001 |
vtls012054441 |
| 003 |
SK-MaSNL |
| 005 |
20260301180808.0 |
| 008 |
210517k1500 xx i f 011 0 lat |
| 015 |
|
|
|a SNBHFA
|
| 040 |
|
|
|a SNKHF
|b slo
|c SNKHF
|e rda
|
| 041 |
0 |
|
|a lat
|
| 044 |
|
|
|a xx
|c XX
|
| 072 |
|
7 |
|a 2
|x Náboženstvo
|2 konspekt
|
| 080 |
|
|
|a 2‑21
|2 2011
|
| 080 |
|
|
|a 261
|2 2011
|
| 080 |
|
|
|a 2‑1
|2 2011
|
| 100 |
1 |
|
|a Beust, Joachim von,
|d 1522-1597
|4 aut
|4 hnr
|9 165154
|
| 245 |
1 |
1 |
|a [Orthodoxa enarratio Evangeliorvm, Qvae Diebvs Dominicis Et Sanctorvm Festis In Ecclesia Dei explicantur
|n Pars Prima]
|
| 264 |
|
3 |
|a [Miesto vydania nie je známe]
|b [Tlačiar nie je známy]
|c [Rok vydania nie je známy]
|
| 300 |
|
|
|a zachovaných 21 nečíslovaných listov, 654 strán, 10 nečíslovaných listov
|c 8°
|c 16,5 cm
|
| 336 |
|
|
|a text
|b txt
|2 rdacontent
|
| 336 |
|
|
|a statický obraz
|b sti
|2 rdacontent
|
| 337 |
|
|
|a bez média
|b n
|2 rdamedia
|
| 338 |
|
|
|a zväzok
|b nc
|2 rdacarrier
|
| 500 |
|
|
|a Iniciálky s ornamentálnym pozadím vo voľnom priestore a v rámčeku na 3, 5 a 7 riadkov, drevorezový erb
|
| 504 |
|
|
|a Marginálie, kustody
|
| 508 |
|
|
|a Dedikácia: Peifer, David starší; Wolfrum, Veit; Crusius, Balthasar; Beust, Joachim von
|
| 546 |
|
|
|a Latinčina
|b Antikva
|b Kurzíva
|
| 550 |
|
|
|a Názov doplnený podľa obsahu diela
|
| 562 |
|
|
|a Defekt: chýba titulný list a niekoľko strán na začiatku knihy.; Rukopisné poznámky a marginálie v latinčine.
|5 SNK ID 60045
|
| 563 |
|
|
|a Väzba: tmavohnedý drsný pergamen s hebrejským rukopisným písmom, poškodený.
|5 SNK ID 60045
|
| 650 |
0 |
7 |
|a kresťanstvo
|2 SNKPH
|9 2024
|
| 650 |
0 |
7 |
|a náboženstvo
|2 SNKPH
|9 2023
|
| 650 |
0 |
7 |
|a sviatky
|2 SNKPH
|9 740
|
| 700 |
1 |
|
|a Peifer, David,
|c starší,
|d 1530-1602
|4 dto
|9 129677
|
| 700 |
1 |
|
|a Wolfrum, Veit,
|d 1564-1626
|4 dto
|9 440130
|
| 700 |
1 |
|
|a Crusius, Balthasar,
|d 1550-1630
|4 dto
|9 198476
|
| 852 |
|
|
|a snk
|p ID 60045
|
| 958 |
|
|
|a DA
|
| 958 |
|
|
|a ONDV
|
| 999 |
|
|
|c 847643
|d 849573
|
| 952 |
|
|
|t Tlače 16. storočia
|a SNK
|b SNK
|c SNK_HF
|y PREZ
|7 0
|p 17A1358837
|o snkID 60045
|i snkF 495/73
|0 0
|1 0
|4 0
|d 2021-05-17
|f 1
|l 0
|r 2026-02-24 04:31:54
|w 2026-02-24
|